Dependent development : The alliance of multinational, state, and local capital in Brazil

সংরক্ষণ করুন:
গ্রন্থ-পঞ্জীর বিবরন
প্রধান লেখক: Evans, Peter
বিন্যাস: গ্রন্থ
ভাষা:Undetermined
প্রকাশিত: Princeton Princeton University Press 1979
বিষয়গুলি:
ট্যাগগুলো: ট্যাগ যুক্ত করুন
কোনো ট্যাগ নেই, প্রথমজন হিসাবে ট্যাগ করুন!
Thư viện lưu trữ: Trung tâm Học liệu Trường Đại học Cần Thơ
LEADER 00578nam a2200193Ia 4500
001 CTU_82127
008 210402s9999 xx 000 0 und d
082 |a 332.041 
082 |b E93 
100 |a Evans, Peter 
245 0 |a Dependent development : 
245 4 |b The alliance of multinational, state, and local capital in Brazil 
245 0 |c Peter Evans 
260 |a Princeton 
260 |b Princeton University Press 
260 |c 1979 
650 |a International business enterprises 
904 |i Trọng Hải 
980 |a Trung tâm Học liệu Trường Đại học Cần Thơ